000 01853cam a2200337Ia 4500
001 89607
005 20230404130020.0
008 080717s2007 cu c b 001 0dspa d
010 _a 2008469588
035 _a(OCoLC)ocn234181620
040 _aPIT
_cPIT
_dPIT
_dFXG
_dDLC
_dIXA
020 _a9789591105721
020 _a959110572X
035 _a(OCoLC)234181620
043 _anwcu---
050 1 4 _a107 F 1783
_bG633 2007
082 0 0 _a972.91/05
245 0 0 _aMáximo Gómez en perspectivas /
_cYoel Cordoví Núñez, coordinador.
260 _aSantiago de Cuba :
_bInstituto Cubano del Libro / Editorial Oriente,
_c2007.
300 _a223 p. :
_bport. ;
_c21 cm.
440 0 _aColección Historia / Bronce
504 _aIncludes bibliographical references and index
505 0 _aMáximo Gómez en la historiografia cubana en la Guerra de los Diez Años : principales tendencias hasta 1959 / Yoel Cordovi Nuñez -- Maximo Gomez y Antonio Maceo desde el prisma de la reaccion / Mildred de la Torre Molina -- El Plan Gomez-Maceo de 1884 : una conspiracion infortunada / Rolando Rodriguez Garcia -- Guayacanes : una empresa poco conocida / Yoel Cordovi Nuñez -- La imagen femenina en el pensamiento de Maximo Gomez / Raquel Vinat de la Mata -- Gomez a traves de Guayubin, Montecristi y la Reforma / Mercedes Alonso Romero -- Maximo Gomez y la iglesia catolica en Cuba ante el destino de la nacion (1898-1900) / Yoana Hernandez Suarez -- El pensamiento antillano de Maximo Gomez / Mercedes Garcia Rodriguez -- Maximo Gomez : su actitud ante la vida, la etica, la moral y el pensamiento / Francisco Pérez Guzmán.
600 1 0 _aGomez, Maximo,
_d1836-1905
651 0 _aCuba
_xHistory
_y19th century.
700 1 _aCordoví Núñez, Yoel.
710 2 _aInstituto Cubano del Libro
942 _2lcc
_cbk
994 _aC0
_bDRFGD
946 _aMF
999 _c9231
_d9231